[Event "FIDE World Cup 2025"]
[Site "Goa, India"]
[Date "2025.11.03"]
[Round "7.1"]
[White "Thavandiran, Shiyam"]
[Black "Yuffa, Daniil"]
[Result "0-1"]
[TimeControl ": 90 minutes for the first 40 moves, followed by 30 minutes for the rest of the gamewith an increment of 30 seconds per move starting from move 1"]
[WhiteFideId "2605058"]
[BlackFideId "24131423"]
[WhiteElo "2402"]
[BlackElo "2621"]

1. e4 {[%clk 00:05:03]} {[%emt 00:00:02]} Nf6 {[%clk 00:05:05]} {[%emt
00:00:02]} 2. e5 {[%clk 00:05:01]} {[%emt 00:00:05]} Nd5 {[%clk 00:05:07]}
{[%emt 00:00:02]} 3. d4 {[%clk 00:05:01]} {[%emt 00:00:03]} d6 {[%clk
00:05:09]} {[%emt 00:00:05]} 4. c4 {[%clk 00:04:57]} {[%emt 00:00:03]} Nb6
{[%clk 00:05:10]} {[%emt 00:00:02]} 5. f4 {[%clk 00:04:57]} {[%emt 00:00:03]}
dxe5 {[%clk 00:05:12]} {[%emt 00:00:01]} 6. fxe5 {[%clk 00:04:58]} {[%emt
00:00:02]} Nc6 {[%clk 00:05:13]} {[%emt 00:00:02]} 7. Be3 {[%clk 00:04:57]}
{[%emt 00:00:05]} Bf5 {[%clk 00:05:14]} 8. Nc3 {[%clk 00:04:57]} {[%emt
00:00:03]} e6 {[%clk 00:05:15]} 9. Be2 {[%clk 00:04:46]} {[%emt 00:00:14]} Be7
{[%clk 00:05:07]} {[%emt 00:00:11]} 10. Nf3 {[%clk 00:04:48]} {[%emt 00:00:01]}
O-O {[%clk 00:05:02]} {[%emt 00:00:09]} 11. O-O {[%clk 00:04:48]} {[%emt
00:00:02]} f6 {[%clk 00:05:00]} {[%emt 00:00:06]} 12. exf6 {[%clk 00:04:46]}
{[%emt 00:00:05]} Bxf6 {[%clk 00:05:02]} {[%emt 00:00:02]} 13. Qd2 {[%clk
00:04:20]} {[%emt 00:00:28]} Qe7 {[%clk 00:04:58]} {[%emt 00:00:07]} 14. Rad1
{[%clk 00:04:18]} {[%emt 00:00:04]} Rad8 {[%clk 00:04:56]} {[%emt 00:00:06]} 15.
b3 {[%clk 00:03:08]} {[%emt 00:01:11]} h6 {[%clk 00:04:47]} {[%emt 00:00:12]}
16. h3 {[%clk 00:02:58]} {[%emt 00:00:14]} Kh8 {[%clk 00:04:21]} {[%emt
00:00:34]} 17. Kh1 {[%clk 00:02:35]} {[%emt 00:00:25]} Bg6 {[%clk 00:03:57]}
{[%emt 00:00:22]} 18. Qe1 {[%clk 00:02:27]} {[%emt 00:00:11]} Bh5 {[%clk
00:03:45]} {[%emt 00:00:15]} 19. Ne4 {[%clk 00:01:20]} {[%emt 00:01:14]} Bxf3
{[%clk 00:03:46]} 20. Rxf3 {[%clk 00:01:11]} {[%emt 00:00:14]} Bxd4 {[%clk
00:03:43]} {[%emt 00:00:06]} 21. Rxf8+ {[%clk 00:00:56]} {[%emt 00:00:14]} Qxf8
{[%clk 00:03:45]} {[%emt 00:00:07]} 22. Bc1 {[%clk 00:00:17]} {[%emt 00:00:37]}
Nd7 {[%clk 00:03:31]} {[%emt 00:00:18]} 23. Bg4 {[%clk 00:00:15]} {[%emt
00:00:05]} Qe7 {[%clk 00:02:41]} {[%emt 00:00:53]} 24. b4 {[%clk 00:00:13]}
{[%emt 00:00:05]} Nf6 {[%clk 00:01:27]} {[%emt 00:01:16]} 25. b5 {[%emt
00:00:10]} Ne5 {[%clk 00:01:29]} {[%emt 00:00:01]} 26. Nxf6 {[%clk 00:00:07]}
{[%emt 00:00:02]} Qxf6 {[%clk 00:01:30]} {[%emt 00:00:03]} 27. Be2 {[%clk
00:00:08]} {[%emt 00:00:02]} c5 {[%clk 00:01:20]} {[%emt 00:00:13]} 28. bxc6
{[%emt 00:00:01]} bxc6 {[%clk 00:01:18]} {[%emt 00:00:04]} 29. Qa5 {[%clk
00:00:10]} {[%emt 00:00:03]} c5 {[%clk 00:01:13]} {[%emt 00:00:09]} 30. Bf4
{[%clk 00:00:09]} {[%emt 00:00:04]} Rf8 {[%clk 00:00:59]} {[%emt 00:00:17]} 31.
Bg3 {[%clk 00:00:06]} {[%emt 00:00:04]} Qg5 {[%emt 00:00:12]} 32. Qa3 {[%clk
00:00:08]} {[%emt 00:00:01]} Rf6 {[%clk 00:00:40]} {[%emt 00:00:15]} 33. Qb3
{[%clk 00:00:06]} {[%emt 00:00:05]} Rg6 {[%clk 00:00:40]} {[%emt 00:00:05]} 34.
Bg4 {[%clk 00:00:05]} {[%emt 00:00:01]} Nxg4 {[%clk 00:00:38]} {[%emt
00:00:05]} 35. hxg4 {[%clk 00:00:05]} {[%emt 00:00:03]} Qxg4 {[%clk 00:00:38]}
{[%emt 00:00:03]} 36. Rd3 {[%clk 00:00:05]} {[%emt 00:00:02]} Qh5+ {[%clk
00:00:36]} {[%emt 00:00:09]} 37. Bh2 {[%clk 00:00:06]} Qe2 {[%clk 00:00:35]}
{[%emt 00:00:04]} 38. Rg3 {[%clk 00:00:04]} {[%emt 00:00:05]} Qe1+ {[%clk
00:00:36]} {[%emt 00:00:02]} 0-1

[Event "FIDE World Cup 2025"]
[Site "Goa, India"]
[Date "2025.11.03"]
[Round "7.2"]
[White "Grigoryan, Karen H."]
[Black "Adly, Ahmed"]
[Result "1/2-1/2"]
[TimeControl ": 90 minutes for the first 40 moves, followed by 30 minutes for the rest of the gamewith an increment of 30 seconds per move starting from move 1"]
[WhiteFideId "13301004"]
[BlackFideId "10601619"]
[WhiteElo "2481"]
[BlackElo "2589"]

1. d4 {[%clk 00:05:04]} {[%emt 00:00:03]} Nf6 {[%clk 00:05:05]} {[%emt
00:00:01]} 2. c4 {[%clk 00:05:06]} {[%emt 00:00:01]} e6 {[%clk 00:05:07]} 3.
Nf3 {[%clk 00:05:07]} {[%emt 00:00:01]} Bb4+ {[%clk 00:05:08]} {[%emt
00:00:02]} 4. Bd2 {[%clk 00:05:09]} c5 {[%clk 00:05:10]} {[%emt 00:00:02]} 5.
Bxb4 {[%clk 00:05:10]} cxb4 {[%clk 00:05:12]} {[%emt 00:00:02]} 6. g3 {[%clk
00:05:11]} {[%emt 00:00:01]} d5 {[%clk 00:05:12]} {[%emt 00:00:03]} 7. Nbd2
{[%clk 00:05:02]} {[%emt 00:00:12]} Nc6 {[%clk 00:05:04]} {[%emt 00:00:11]} 8.
Bg2 {[%clk 00:05:03]} {[%emt 00:00:02]} O-O {[%clk 00:04:59]} {[%emt 00:00:08]}
9. O-O {[%clk 00:05:03]} {[%emt 00:00:02]} Qe7 {[%clk 00:04:33]} {[%emt
00:00:30]} 10. Rc1 {[%clk 00:04:56]} {[%emt 00:00:10]} Rd8 {[%clk 00:04:22]}
{[%emt 00:00:14]} 11. e3 {[%clk 00:04:46]} {[%emt 00:00:14]} a5 {[%clk
00:03:56]} {[%emt 00:00:28]} 12. Ne5 {[%clk 00:04:36]} {[%emt 00:00:13]} Bd7
{[%clk 00:03:41]} {[%emt 00:00:19]} 13. f4 {[%clk 00:04:36]} {[%emt 00:00:03]}
Be8 {[%clk 00:03:21]} {[%emt 00:00:23]} 14. Qf3 {[%clk 00:04:24]} {[%emt
00:00:14]} Rac8 {[%clk 00:02:48]} {[%emt 00:00:39]} 15. g4 {[%clk 00:04:23]}
{[%emt 00:00:02]} Nd7 {[%clk 00:02:43]} {[%emt 00:00:08]} 16. cxd5 {[%clk
00:04:15]} {[%emt 00:00:12]} exd5 {[%clk 00:02:42]} {[%emt 00:00:03]} 17. Qg3
{[%clk 00:04:10]} {[%emt 00:00:07]} Nb6 {[%clk 00:02:29]} {[%emt 00:00:18]} 18.
g5 {[%clk 00:04:05]} {[%emt 00:00:08]} Nxe5 {[%clk 00:02:12]} {[%emt 00:00:19]}
19. fxe5 {[%clk 00:04:05]} {[%emt 00:00:03]} Bb5 {[%clk 00:01:51]} {[%emt
00:00:25]} 20. Rfe1 {[%clk 00:03:59]} {[%emt 00:00:08]} a4 {[%clk 00:01:48]}
{[%emt 00:00:06]} 21. h4 {[%clk 00:03:48]} {[%emt 00:00:13]} a3 {[%clk
00:01:37]} {[%emt 00:00:16]} 22. bxa3 {[%clk 00:03:43]} {[%emt 00:00:07]} bxa3
{[%clk 00:01:35]} {[%emt 00:00:04]} 23. Rb1 {[%clk 00:03:45]} {[%emt 00:00:02]}
Qe8 {[%clk 00:01:37]} 24. Rb3 {[%clk 00:03:33]} {[%emt 00:00:16]} Rc2 {[%clk
00:01:39]} 25. Nb1 {[%clk 00:03:34]} {[%emt 00:00:01]} Nc4 {[%clk 00:01:20]}
{[%emt 00:00:22]} 26. Nxa3 {[%clk 00:03:33]} {[%emt 00:00:04]} Nxa3 {[%clk
00:01:21]} {[%emt 00:00:02]} 27. Rxa3 {[%clk 00:03:34]} Qe7 {[%clk 00:01:19]}
{[%emt 00:00:05]} 28. Rb3 {[%clk 00:03:19]} {[%emt 00:00:18]} Bc4 {[%clk
00:01:08]} {[%emt 00:00:15]} 29. Rb6 {[%clk 00:03:20]} {[%emt 00:00:01]} Bxa2
{[%clk 00:00:48]} {[%emt 00:00:22]} 30. h5 {[%clk 00:03:17]} {[%emt 00:00:06]}
Rc6 {[%clk 00:00:36]} {[%emt 00:00:15]} 31. Rxc6 {[%clk 00:02:59]} {[%emt
00:00:21]} bxc6 {[%clk 00:00:38]} {[%emt 00:00:01]} 32. h6 {[%clk 00:03:01]} c5
{[%clk 00:00:33]} {[%emt 00:00:09]} 33. Ra1 {[%clk 00:02:43]} {[%emt 00:00:21]}
Bb3 {[%clk 00:00:29]} {[%emt 00:00:07]} 34. e4 {[%clk 00:02:41]} {[%emt
00:00:04]} Bc4 {[%clk 00:00:22]} {[%emt 00:00:11]} 35. exd5 {[%clk 00:02:42]}
{[%emt 00:00:01]} Bxd5 {[%clk 00:00:15]} {[%emt 00:00:11]} 36. Bxd5 {[%clk
00:01:24]} {[%emt 00:01:20]} Rxd5 {[%clk 00:00:17]} {[%emt 00:00:02]} 37. Ra8+
{[%clk 00:01:00]} {[%emt 00:00:26]} Rd8 {[%clk 00:00:19]} 38. Rxd8+ {[%clk
00:00:53]} {[%emt 00:00:11]} Qxd8 {[%clk 00:00:20]} {[%emt 00:00:02]} 39. dxc5
{[%clk 00:00:51]} {[%emt 00:00:04]} Qd4+ {[%clk 00:00:10]} {[%emt 00:00:13]} 40.
Kh2 {[%clk 00:00:22]} {[%emt 00:00:32]} Qxc5 {[%clk 00:00:12]} {[%emt
00:00:02]} 41. Qf4 {[%clk 00:00:16]} {[%emt 00:00:10]} Qc2+ {[%clk 00:00:10]}
{[%emt 00:00:05]} 1/2-1/2

[Event "FIDE World Cup 2025"]
[Site "Goa, India"]
[Date "2025.11.03"]
[Round "7.3"]
[White "Lalit, Babu M R"]
[Black "Warmerdam, Max"]
[Result "0-1"]
[TimeControl ": 90 minutes for the first 40 moves, followed by 30 minutes for the rest of the gamewith an increment of 30 seconds per move starting from move 1"]
[WhiteFideId "5024595"]
[BlackFideId "1048104"]
[WhiteElo "2502"]
[BlackElo "2582"]

1. d4 {[%clk 00:05:04]} {[%emt 00:00:02]} d5 {[%clk 00:05:05]} {[%emt
00:00:01]} 2. Nf3 {[%clk 00:05:06]} {[%emt 00:00:01]} e6 {[%clk 00:05:07]}
{[%emt 00:00:01]} 3. Bf4 {[%clk 00:05:01]} {[%emt 00:00:08]} Nf6 {[%clk
00:05:08]} {[%emt 00:00:03]} 4. e3 {[%clk 00:04:54]} {[%emt 00:00:09]} c5
{[%clk 00:05:10]} {[%emt 00:00:02]} 5. Nbd2 {[%clk 00:04:52]} {[%emt 00:00:05]}
Nc6 {[%clk 00:05:11]} {[%emt 00:00:02]} 6. c3 {[%clk 00:04:52]} {[%emt
00:00:03]} Bd6 {[%clk 00:05:11]} {[%emt 00:00:02]} 7. Bg3 {[%clk 00:04:46]}
{[%emt 00:00:09]} O-O {[%clk 00:05:12]} {[%emt 00:00:02]} 8. Bd3 {[%clk
00:04:33]} {[%emt 00:00:16]} g6 {[%clk 00:05:14]} {[%emt 00:00:02]} 9. Qe2
{[%clk 00:04:09]} {[%emt 00:00:25]} Nh5 {[%clk 00:05:03]} {[%emt 00:00:15]} 10.
Bh4 {[%clk 00:03:41]} {[%emt 00:00:31]} Qc7 {[%clk 00:04:54]} {[%emt 00:00:12]}
11. g4 {[%clk 00:03:09]} {[%emt 00:00:35]} Ng7 {[%clk 00:04:55]} {[%emt
00:00:01]} 12. e4 {[%clk 00:03:11]} {[%emt 00:00:01]} cxd4 {[%clk 00:04:05]}
{[%emt 00:00:54]} 13. cxd4 {[%clk 00:03:12]} Qb6 {[%clk 00:03:45]} {[%emt
00:00:24]} 14. e5 {[%clk 00:02:52]} {[%emt 00:00:23]} Bb4 {[%clk 00:03:46]}
{[%emt 00:00:01]} 15. O-O {[%clk 00:02:34]} {[%emt 00:00:21]} Bxd2 {[%clk
00:01:58]} {[%emt 00:01:51]} 16. Qxd2 {[%clk 00:02:36]} {[%emt 00:00:02]} Nxd4
{[%clk 00:02:00]} 17. Nxd4 {[%clk 00:02:33]} {[%emt 00:00:06]} Qxd4 {[%clk
00:02:02]} {[%emt 00:00:01]} 18. Qe2 {[%clk 00:02:30]} {[%emt 00:00:06]} Nh5
{[%clk 00:01:02]} {[%emt 00:01:02]} 19. Qf3 {[%clk 00:01:53]} {[%emt 00:00:40]}
f5 {[%clk 00:00:55]} {[%emt 00:00:09]} 20. Be7 {[%clk 00:01:07]} {[%emt
00:00:49]} Rf7 {[%clk 00:00:57]} {[%emt 00:00:02]} 21. gxh5 {[%clk 00:01:09]}
Rxe7 {[%clk 00:00:59]} {[%emt 00:00:01]} 22. Kh1 {[%clk 00:01:02]} {[%emt
00:00:10]} g5 {[%clk 00:00:45]} {[%emt 00:00:17]} 23. h6 {[%clk 00:00:56]}
{[%emt 00:00:10]} Qh4 {[%clk 00:00:46]} {[%emt 00:00:02]} 24. Rg1 {[%clk
00:00:55]} {[%emt 00:00:04]} Qxh6 {[%clk 00:00:43]} {[%emt 00:00:06]} 25. Qe3
{[%clk 00:00:37]} {[%emt 00:00:21]} Rg7 {[%clk 00:00:37]} {[%emt 00:00:08]} 26.
Rac1 {[%clk 00:00:35]} {[%emt 00:00:05]} Bd7 {[%clk 00:00:36]} {[%emt
00:00:04]} 27. Rc7 {[%clk 00:00:37]} {[%emt 00:00:01]} d4 {[%clk 00:00:37]}
{[%emt 00:00:03]} 28. Qf3 {[%clk 00:00:27]} {[%emt 00:00:11]} Bc6 {[%clk
00:00:26]} {[%emt 00:00:14]} 29. Rxc6 {[%clk 00:00:29]} bxc6 {[%clk 00:00:29]}
{[%emt 00:00:01]} 30. Qxc6 {[%clk 00:00:31]} Rf8 {[%clk 00:00:26]} {[%emt
00:00:05]} 31. Bc4 {[%clk 00:00:27]} {[%emt 00:00:08]} Rg6 {[%clk 00:00:27]}
{[%emt 00:00:02]} 32. Qd7 {[%clk 00:00:27]} {[%emt 00:00:03]} Kh8 {[%clk
00:00:25]} {[%emt 00:00:05]} 33. Qd6 {[%clk 00:00:26]} {[%emt 00:00:05]} Qg7
{[%clk 00:00:20]} {[%emt 00:00:07]} 34. Qxd4 {[%clk 00:00:27]} {[%emt
00:00:03]} Qb7+ {[%clk 00:00:22]} {[%emt 00:00:02]} 35. Rg2 {[%clk 00:00:26]}
{[%emt 00:00:03]} Qc6 {[%clk 00:00:17]} {[%emt 00:00:08]} 36. h3 {[%clk
00:00:22]} {[%emt 00:00:07]} g4 {[%clk 00:00:12]} {[%emt 00:00:08]} 37. Kh2
{[%clk 00:00:22]} {[%emt 00:00:03]} gxh3 {[%clk 00:00:09]} {[%emt 00:00:06]} 38.
Rxg6 {[%clk 00:00:23]} {[%emt 00:00:01]} hxg6 {[%clk 00:00:12]} 39. Bf1 {[%clk
00:00:11]} {[%emt 00:00:15]} Rf7 {[%clk 00:00:09]} {[%emt 00:00:06]} 40. Bxh3
{[%clk 00:00:11]} {[%emt 00:00:03]} Kg7 {[%clk 00:00:11]} {[%emt 00:00:01]} 41.
Bg2 {[%clk 00:00:13]} {[%emt 00:00:01]} Qb6 {[%clk 00:00:13]} {[%emt 00:00:01]}
42. Qd2 {[%clk 00:00:11]} {[%emt 00:00:05]} Qc7 {[%clk 00:00:11]} {[%emt
00:00:05]} 43. Qe2 {[%clk 00:00:11]} {[%emt 00:00:02]} Rf8 {[%clk 00:00:12]}
{[%emt 00:00:03]} 44. Kg1 {[%clk 00:00:12]} {[%emt 00:00:02]} Rd8 {[%clk
00:00:14]} {[%emt 00:00:01]} 45. Bf3 {[%clk 00:00:12]} {[%emt 00:00:04]} Qc1+
{[%clk 00:00:14]} {[%emt 00:00:03]} 46. Kg2 {[%emt 00:00:03]} Rh8 {[%clk
00:00:14]} 47. Kg3 {[%clk 00:00:09]} {[%emt 00:00:08]} Qg5+ {[%clk 00:00:16]}
{[%emt 00:00:02]} 0-1

[Event "FIDE World Cup 2025"]
[Site "Goa, India"]
[Date "2025.11.03"]
[Round "7.4"]
[White "Oro, Faustino"]
[Black "Brkic, Ante"]
[Result "1-0"]
[TimeControl ": 90 minutes for the first 40 moves, followed by 30 minutes for the rest of the gamewith an increment of 30 seconds per move starting from move 1"]
[WhiteFideId "20000197"]
[BlackFideId "14506688"]
[WhiteElo "2509"]
[BlackElo "2578"]

1. Nf3 {[%clk 00:05:04]} {[%emt 00:00:03]} c5 {[%clk 00:04:55]} {[%emt
00:00:11]} 2. c4 {[%clk 00:05:00]} {[%emt 00:00:06]} Nc6 {[%clk 00:04:56]}
{[%emt 00:00:03]} 3. Nc3 {[%clk 00:05:02]} e5 {[%clk 00:04:46]} {[%emt
00:00:14]} 4. e3 {[%clk 00:04:49]} {[%emt 00:00:15]} Nf6 {[%clk 00:04:47]}
{[%emt 00:00:02]} 5. d4 {[%clk 00:04:47]} {[%emt 00:00:05]} cxd4 {[%clk
00:04:34]} {[%emt 00:00:16]} 6. exd4 {[%clk 00:04:48]} {[%emt 00:00:02]} e4
{[%clk 00:04:36]} 7. Ng5 {[%clk 00:04:15]} {[%emt 00:00:36]} Bb4 {[%clk
00:04:33]} {[%emt 00:00:06]} 8. d5 {[%clk 00:03:40]} {[%emt 00:00:37]} Bxc3+
{[%clk 00:04:29]} {[%emt 00:00:07]} 9. bxc3 {[%clk 00:03:42]} {[%emt 00:00:01]}
Ne5 {[%clk 00:04:30]} {[%emt 00:00:01]} 10. Qd4 {[%clk 00:03:30]} {[%emt
00:00:17]} d6 {[%clk 00:04:31]} {[%emt 00:00:02]} 11. Nxe4 {[%clk 00:03:12]}
{[%emt 00:00:21]} Nxe4 {[%clk 00:03:52]} {[%emt 00:00:43]} 12. Qxe4 {[%clk
00:03:13]} {[%emt 00:00:01]} O-O {[%clk 00:03:53]} {[%emt 00:00:02]} 13. Be2
{[%clk 00:03:00]} {[%emt 00:00:15]} Bd7 {[%clk 00:02:30]} {[%emt 00:01:27]} 14.
O-O {[%clk 00:02:49]} {[%emt 00:00:14]} Re8 {[%clk 00:02:27]} {[%emt 00:00:08]}
15. Qd4 {[%clk 00:02:42]} {[%emt 00:00:09]} b6 {[%clk 00:01:55]} {[%emt
00:00:36]} 16. f4 {[%clk 00:01:52]} {[%emt 00:00:53]} Ng4 {[%clk 00:01:40]}
{[%emt 00:00:18]} 17. Bd3 {[%clk 00:01:28]} {[%emt 00:00:28]} Qc8 {[%clk
00:00:22]} {[%emt 00:01:21]} 18. Ba3 {[%clk 00:01:04]} {[%emt 00:00:27]} Qc7
{[%clk 00:00:11]} {[%emt 00:00:13]} 19. h3 {[%clk 00:00:45]} {[%emt 00:00:22]}
Ne3 {[%clk 00:00:07]} {[%emt 00:00:07]} 20. Rfe1 {[%clk 00:00:46]} {[%emt
00:00:02]} Nf5 {[%clk 00:00:07]} {[%emt 00:00:02]} 21. Qf2 {[%clk 00:00:48]} h5
{[%clk 00:00:07]} {[%emt 00:00:07]} 22. Qf3 {[%clk 00:00:20]} {[%emt 00:00:27]}
h4 {[%clk 00:00:06]} {[%emt 00:00:04]} 23. Qg4 {[%clk 00:00:22]} g6 {[%clk
00:00:05]} {[%emt 00:00:04]} 24. Bxf5 {[%clk 00:00:23]} {[%emt 00:00:01]} Bxf5
{[%clk 00:00:07]} {[%emt 00:00:02]} 25. Qxh4 {[%clk 00:00:25]} Qxc4 {[%clk
00:00:05]} {[%emt 00:00:05]} 26. Bxd6 {[%clk 00:00:26]} {[%emt 00:00:03]} Rxe1+
{[%clk 00:00:04]} {[%emt 00:00:03]} 27. Rxe1 {[%clk 00:00:28]} {[%emt
00:00:02]} Qxc3 {[%clk 00:00:00]} {[%emt 00:00:04]} 1-0

[Event "FIDE World Cup 2025"]
[Site "Goa, India"]
[Date "2025.11.03"]
[Round "7.6"]
[White "Nogerbek, Kazybek"]
[Black "Raja, Rithvik R"]
[Result "1-0"]
[TimeControl ": 90 minutes for the first 40 moves, followed by 30 minutes for the rest of the gamewith an increment of 30 seconds per move starting from move 1"]
[WhiteFideId "13710427"]
[BlackFideId "35007394"]
[WhiteElo "2543"]
[BlackElo "2541"]

1. Nf3 {[%clk 00:05:05]} d5 {[%clk 00:05:04]} {[%emt 00:00:02]} 2. g3 {[%clk
00:05:07]} {[%emt 00:00:01]} Nf6 {[%clk 00:05:04]} {[%emt 00:00:05]} 3. Bg2
{[%clk 00:05:09]} {[%emt 00:00:01]} e6 {[%clk 00:05:05]} {[%emt 00:00:02]} 4.
c4 {[%clk 00:05:11]} Be7 {[%clk 00:05:05]} {[%emt 00:00:03]} 5. O-O {[%clk
00:05:12]} {[%emt 00:00:04]} O-O {[%clk 00:05:05]} 6. d3 {[%clk 00:05:14]} h6
{[%clk 00:05:06]} {[%emt 00:00:02]} 7. Ne5 {[%clk 00:04:35]} {[%emt 00:00:42]}
Nbd7 {[%clk 00:04:46]} {[%emt 00:00:23]} 8. Nxd7 {[%clk 00:04:37]} {[%emt
00:00:02]} Qxd7 {[%clk 00:04:07]} {[%emt 00:00:43]} 9. cxd5 {[%clk 00:04:30]}
{[%emt 00:00:10]} exd5 {[%clk 00:04:08]} {[%emt 00:00:02]} 10. e4 {[%clk
00:04:32]} dxe4 {[%clk 00:04:01]} {[%emt 00:00:10]} 11. dxe4 {[%clk 00:04:34]}
{[%emt 00:00:01]} Qxd1 {[%clk 00:04:01]} {[%emt 00:00:02]} 12. Rxd1 {[%clk
00:04:36]} {[%emt 00:00:01]} Bg4 {[%clk 00:04:03]} 13. Re1 {[%clk 00:04:26]}
{[%emt 00:00:13]} Nd7 {[%clk 00:03:44]} {[%emt 00:00:22]} 14. h3 {[%clk
00:04:09]} {[%emt 00:00:21]} Be6 {[%clk 00:03:41]} {[%emt 00:00:07]} 15. Nc3
{[%clk 00:03:02]} {[%emt 00:01:10]} c6 {[%clk 00:03:42]} {[%emt 00:00:01]} 16.
f4 {[%clk 00:02:37]} {[%emt 00:00:26]} f6 {[%clk 00:03:10]} {[%emt 00:00:36]}
17. Be3 {[%clk 00:02:38]} {[%emt 00:00:03]} Bc5 {[%clk 00:03:05]} {[%emt
00:00:08]} 18. Kf2 {[%clk 00:02:40]} {[%emt 00:00:01]} Rad8 {[%clk 00:02:56]}
{[%emt 00:00:12]} 19. Rad1 {[%clk 00:02:42]} {[%emt 00:00:01]} Bxe3+ {[%clk
00:02:53]} {[%emt 00:00:06]} 20. Kxe3 {[%clk 00:02:44]} Nb6 {[%clk 00:02:45]}
{[%emt 00:00:11]} 21. b3 {[%clk 00:02:33]} {[%emt 00:00:14]} a5 {[%clk
00:02:48]} 22. Bf1 {[%clk 00:02:21]} {[%emt 00:00:15]} Rfe8 {[%clk 00:02:36]}
{[%emt 00:00:15]} 23. Rxd8 {[%clk 00:02:21]} {[%emt 00:00:03]} Rxd8 {[%clk
00:02:39]} 24. Rb1 {[%clk 00:02:16]} {[%emt 00:00:08]} Rd7 {[%clk 00:01:58]}
{[%emt 00:00:43]} 25. Be2 {[%clk 00:02:08]} {[%emt 00:00:11]} Kf8 {[%clk
00:01:54]} {[%emt 00:00:08]} 26. h4 {[%clk 00:02:10]} {[%emt 00:00:01]} Ke7
{[%clk 00:01:42]} {[%emt 00:00:16]} 27. h5 {[%clk 00:01:53]} {[%emt 00:00:19]}
Rd8 {[%clk 00:01:37]} {[%emt 00:00:07]} 28. Rc1 {[%clk 00:01:36]} {[%emt
00:00:20]} Rd7 {[%clk 00:01:18]} {[%emt 00:00:23]} 29. Bf3 {[%clk 00:01:38]}
{[%emt 00:00:01]} a4 {[%clk 00:01:09]} {[%emt 00:00:12]} 30. Bd1 {[%clk
00:00:52]} {[%emt 00:00:48]} Rd8 {[%clk 00:00:29]} {[%emt 00:00:44]} 31. Ne2
{[%clk 00:00:31]} {[%emt 00:00:23]} axb3 {[%clk 00:00:22]} {[%emt 00:00:10]} 32.
axb3 {[%clk 00:00:19]} {[%emt 00:00:15]} Bg4 {[%clk 00:00:21]} {[%emt
00:00:04]} 33. Nd4 {[%clk 00:00:21]} Bxd1 {[%clk 00:00:18]} {[%emt 00:00:06]}
34. Rxd1 {[%clk 00:00:24]} {[%emt 00:00:01]} Kf7 {[%clk 00:00:10]} {[%emt
00:00:11]} 35. Ra1 {[%clk 00:00:22]} {[%emt 00:00:05]} Nc8 {[%clk 00:00:05]}
{[%emt 00:00:08]} 36. Nf5 {[%clk 00:00:14]} {[%emt 00:00:11]} Ne7 {[%clk
00:00:05]} {[%emt 00:00:02]} 37. Nd4 {[%clk 00:00:08]} {[%emt 00:00:09]} Rb8
{[%clk 00:00:08]} {[%emt 00:00:01]} 38. Ra5 {[%clk 00:00:09]} {[%emt 00:00:02]}
Nc8 {[%clk 00:00:07]} {[%emt 00:00:03]} 39. Nf5 {[%clk 00:00:05]} {[%emt
00:00:07]} Ne7 {[%clk 00:00:08]} {[%emt 00:00:02]} 40. Nd6+ {[%clk 00:00:04]}
{[%emt 00:00:05]} Ke6 {[%clk 00:00:09]} 41. Nc4 {[%clk 00:00:06]} {[%emt
00:00:01]} Nc8 {[%clk 00:00:09]} {[%emt 00:00:04]} 42. Kd4 {[%clk 00:00:06]}
{[%emt 00:00:02]} Nd6 {[%clk 00:00:09]} {[%emt 00:00:03]} 43. Nd2 {[%clk
00:00:05]} {[%emt 00:00:04]} Nb5+ {[%clk 00:00:10]} {[%emt 00:00:02]} 44. Ke3
{[%clk 00:00:07]} {[%emt 00:00:01]} Rd8 {[%clk 00:00:08]} {[%emt 00:00:05]} 45.
Nf3 {[%clk 00:00:07]} {[%emt 00:00:03]} Rd1 {[%clk 00:00:08]} {[%emt 00:00:02]}
46. Ra8 {[%clk 00:00:09]} {[%emt 00:00:01]} Rb1 {[%clk 00:00:09]} {[%emt
00:00:02]} 47. Nd2 {[%clk 00:00:10]} {[%emt 00:00:02]} Rc1 {[%clk 00:00:08]}
{[%emt 00:00:03]} 48. Rg8 {[%clk 00:00:08]} {[%emt 00:00:06]} Rc3+ {[%clk
00:00:09]} {[%emt 00:00:02]} 49. Kf2 {[%clk 00:00:10]} {[%emt 00:00:01]} Kf7
{[%clk 00:00:07]} {[%emt 00:00:06]} 50. Rb8 {[%clk 00:00:11]} Nd6 {[%clk
00:00:05]} {[%emt 00:00:05]} 51. e5 {[%clk 00:00:13]} {[%emt 00:00:01]} fxe5
{[%clk 00:00:07]} 52. fxe5 {[%clk 00:00:15]} Rc2 {[%clk 00:00:06]} {[%emt
00:00:04]} 53. Ke3 {[%clk 00:00:13]} {[%emt 00:00:05]} Nf5+ {[%emt 00:00:01]}
54. Kd3 {[%emt 00:00:01]} Nd6 55. Ke3 Nf5+ {[%clk 00:00:04]} {[%emt 00:00:03]}
56. Kd3 {[%clk 00:00:15]} {[%emt 00:00:01]} Rc1 {[%clk 00:00:06]} 57. Rxb7+
{[%clk 00:00:18]} {[%emt 00:00:01]} Ke6 {[%clk 00:00:09]} 58. g4 {[%emt
00:00:01]} Ne7 {[%clk 00:00:11]} {[%emt 00:00:01]} 59. Nf3 {[%clk 00:00:13]}
{[%emt 00:01:10]} Rd1+ {[%clk 00:00:05]} {[%emt 00:00:09]} 60. Ke4 {[%clk
00:00:15]} {[%emt 00:00:01]} c5 {[%clk 00:00:06]} {[%emt 00:00:02]} 61. Rb6+
{[%clk 00:00:18]} Kf7 {[%clk 00:00:08]} {[%emt 00:00:01]} 62. g5 {[%clk
00:00:16]} {[%emt 00:00:04]} hxg5 {[%clk 00:00:06]} {[%emt 00:00:04]} 63. Nxg5+
{[%clk 00:00:18]} {[%emt 00:00:01]} Ke8 {[%clk 00:00:09]} {[%emt 00:00:01]} 64.
Rb8+ {[%clk 00:00:09]} {[%emt 00:00:12]} Kd7 {[%clk 00:00:11]} 65. Rb7+ {[%clk
00:00:12]} Ke8 {[%clk 00:00:14]} 66. Ne6 {[%clk 00:00:08]} {[%emt 00:00:08]}
Re1+ {[%clk 00:00:16]} 67. Kf4 {[%clk 00:00:10]} {[%emt 00:00:01]} Nd5+ {[%clk
00:00:17]} 68. Kf5 {[%clk 00:00:12]} {[%emt 00:00:01]} Ne7+ {[%clk 00:00:19]}
69. Kf4 {[%clk 00:00:12]} {[%emt 00:00:03]} Nd5+ {[%clk 00:00:21]} {[%emt
00:00:01]} 70. Kg4 {[%clk 00:00:11]} {[%emt 00:00:04]} Rxe5 {[%clk 00:00:10]}
{[%emt 00:00:14]} 71. Nxg7+ {[%clk 00:00:13]} Kf8 {[%clk 00:00:12]} 72. h6
{[%clk 00:00:09]} {[%emt 00:00:07]} Re1 {[%clk 00:00:05]} {[%emt 00:00:11]} 73.
Nh5 {[%clk 00:00:07]} {[%emt 00:00:05]} 1-0



[ePGN "0.1;DGT LiveChess/2.2.6"]